03097nam a22006257a 4500003000900000008004100009020001800050040002800068041000800096044000700104100002900111245008700140260005100227300003500278505001100313505002200324505005100346505006400397505005300461505006000514505004600574505001700620505003700637505005000674505004700724505003400771505005000805505002300855505004200878505004200920505005300962505003501015505004401050505003101094505005101125505003201176505003501208505003401243505003901277505002101316505005401337505003901391505006701430505003301497505004801530505002301578505002901601520062101630650002302251942000802274945001502282980004302297999001702340952011402357AR-RoUNA250526b2000 |||||||| |||| 00| 0 spa d a1-56496-624-0 aAR-RoUNAbspadAR-RoUNA aeng aag1 aFishel, Catharine927203 aRedesigning Identity b: graphic design strategies for successc/ Catharine Fishel aEstados Unidos de América :bRockport,c2000 a160 p. :bgráficosc29x22 cm0 tINDICE0 tREPOSICIONAMIENTO0 aDesgrippe Gobé & Asociados, Coca Cola. p. 130 aFélix Beltrán & Asocidos, T. Shirt Company. p. 18 0 aLandor Associates, Aerolineas Canadienses. p. 220 aMurrie Lienhart Rysner & Associates, Malt-O-Meal. p. 280 aTurner Ducksworth, Reserva de cero. p. 340 tMODERNIZANDO0 aDesign Park, Kookmin Bank. p. 400 aHopking Baumann, gráficos paso a paso.p. 460 aKan & Lau, China / Hong Kong Travel. p. 520 aPentagram, Taco Bueno. p. 58 0 aThe Partners, Seguro Estrella Águila. p. 640 tGESTION DEL CAMBIO0 aConcrete, Frankel & Company. p. 68 0 aPattee Design, Kirke Van Orsdel p. 740 aPinkhaus / Designory, Sterling Associates. p. 800 aPlanet Design, Artville. p. 860 aRigsby Design, HNTB Arquitecture. p. 940 tPROMOVIENDO EL CRECIMIENTO0 aAtelier Works, Polaroid Digital Imaging. p. 980 aBMR Design, Vestre. p. 104.0 aCross Colours, Nando's. p. 1080 aDogstar, Heavy Talent. p. 1140 aWang Xu, China Youth Press. p. 1200 tEMPEZAR DE NUEVO0 aDocini Associati, Municipalidad de Pesaro. p. 1240 aMiriello grafico, Eastpark. p. 1300 aNestor Stermole Visual Communications, Nestor Stermole. p. 1360 aReverb, Avalon Hotel. p. 1420 aShapiro Design Associates, turn-Key. p. 1480 aDirectorio. p. 1530 aAcerca del autor. p. 159 aCrear una nueva identidad es un reto abrumador, pero rediseñarla es aún más difícil. El diseñador debe revelar la nueva identidad de la empresa cliente de una manera que resalte tanto los beneficios como la necesidad del cambio. Este volumen analiza 25 proyectos exitosos de rediseño gráfico creados por diseñadores líderes de todo el mundo. A través de ejemplos que abarcan desde Coca-Cola hasta Hong Kong Travel, los lectores aprenden cómo los mejores programas de identidad ayudan a las empresas a modernizarse, reposicionarse, gestionar el cambio, impulsar el crecimiento y empezar de cero. aDiseño gráfico 2udc d2025-05-26 65aMaría Machado85gMaría Machado c12005d12005 00102udc4070aAR-RoUNAbAR-RoUNAcDiseño Gráfico - Salad2025-05-26eDonl2o659 F432p18326tej. 1x